| 000 | 01188nam a2200409Ia 4500 | ||
|---|---|---|---|
| 003 | OSt | ||
| 005 | 20220107122601.0 | ||
| 008 | 130318s9999 xx 000 0 und d | ||
| 020 | _a8173663009 | ||
| 040 | _c | ||
| 082 | _a005.133J SUB/P | ||
| 100 |
_aAllamaraju, Subrahmanyam _97458 |
||
| 245 | _aProfessional Java Server Programming:J2EE edition Vol. 1 | ||
| 260 |
_bOreilly/Shroff Publishers and Distributors _aMumbai _c2000 |
||
| 300 | _a860 | ||
| 650 |
_aJ2EE _97459 |
||
| 650 |
_aJSP _97460 |
||
| 700 |
_aAvedal, Karl _97461 |
||
| 700 |
_aBrowett, Richard _97462 |
||
| 700 |
_aDiamond, Jason _97463 |
||
| 700 |
_aGriffin, John _97464 |
||
| 700 |
_aHolden, Mac _97465 |
||
| 700 |
_aHoskinson, Andrew _97466 |
||
| 700 |
_aJohnson, Rod _97467 |
||
| 700 |
_aKarsjens, Tracie _97468 |
||
| 700 |
_aKim, Larry _97469 |
||
| 700 |
_aLongshaw, Andrew _97470 |
||
| 700 |
_aMyers, Tom _97471 |
||
| 700 |
_aNakimovsky, Alexander _97472 |
||
| 700 |
_aO'Connor, Daniel _97473 |
||
| 700 |
_aTyagi, Sameer _97474 |
||
| 700 |
_aVan Damme, Gordan _97475 |
||
| 700 |
_aVan Huizen, Gordan _97476 |
||
| 700 |
_aWilcox, Mark _97477 |
||
| 700 |
_aZeiger, Stefan _97478 |
||
| 942 |
_2ddc _cBK |
||
| 999 |
_c175 _d175 |
||